logo

Bir Sreshtho Munshi Abdur Rouf Library
Jhenaidah Cadet College

ভুল সংশোধন / (Record no. 10409)

MARC details
000 -LEADER
fixed length control field 00670nam a2200217 a 4500
001 - CONTROL NUMBER
JCCL Control Number 10409
003 - CONTROL NUMBER IDENTIFIER
JCCL marc code BD-JhCC
005 - DATE AND TIME OF LATEST TRANSACTION
control field 20190925134018.0
008 - FIXED-LENGTH DATA ELEMENTS--GENERAL INFORMATION
fixed length control field 180425s20012016bg |||| ||a| 000 0 ben d
035 ## - SYSTEM CONTROL NUMBER
system control number (BD-JhCC)10409
040 ## - CATALOGING SOURCE
Original cataloging agency BD-JhCC
Modifying agency BD-JhCC
041 ## - LANGUAGE CODE
Language code of Book ben
082 ## - DEWEY DECIMAL CLASSIFICATION NUMBER
Classification number 297
Author mark and Year HAQ 2001
100 ## - MAIN ENTRY--PERSONAL NAME
Personal name হক, হযরত মাওলানা শামছুল
245 ## - TITLE STATEMENT
Title ভুল সংশোধন /
Statement of responsibility, etc হযরত মাওলানা শামছুল হক
260 ## - PUBLICATION, DISTRIBUTION, ETC. (IMPRINT)
Place of publication, distribution, etc ঢাকা :
Name of publisher, distributor, etc আল-আশরাফ প্রকাশনী,
Date of publication, distribution, etc 2001.
300 ## - PHYSICAL DESCRIPTION
Pagination 124 p. :
Dimensions 22 cm.
650 ## - SUBJECT ADDED ENTRY--TOPICAL TERM
Topical term or geographic name as entry element Islam
942 ## - ADDED ENTRY ELEMENTS (KOHA)
Source of classification or shelving scheme Dewey Decimal Classification
Koha item type Books
Koha issues (borrowed), all copies 1
Holdings
Source of classification or shelving scheme Damaged status Not for loan Home library Current library Shelving location Date of accession Cost, normal purchase price Total Checkouts Full call number Barcode Date last seen Date checked out Copy number Koha item type
Dewey Decimal Classification     JCC Rouf Library JCC Rouf Library General Stacks 04/25/2018 120.00 1 297 HAQ 2001 13523 09/28/2019 09/25/2019 C-1 Books

JCC Library | Contacts | JCC Home

Last Update on 23 September 2017
Copyright @ 2017-2020 JCC Rouf Library
Rouf Library, Jhenidah Cadet College (JCC), Bangladesh